000
00292nam a22001337a 4500
008
170315b xxu||||| |||| 00| 0 eng d
020
_a
471572292
041
_a
eng
080
_a
591
100
_a
7
101
_a
SHM
245
_a
MECHANISMS OF ANIMAL BEHAVIOUR
_c
MARLER, P
942
_2
udc
_c
BK
999
_c
7814
_d
7814